[Event "Mechanics' Bedjanian TNM; G/2 d/5"]
[Site "San Francisco"]
[Date "2018.11.13"]
[Round "4.37"]
[White "Bryan, Robert R"]
[Black "Enkhjargal, Gabriel"]
[Result "0-1"]
[WhiteElo "336"]
[BlackElo "1007"]
[PlyCount "66"]
[EventDate "2018.??.??"]
[Source "ChessBase"]
[SourceDate "2007.09.04"]

1. e4 e5 2. Nf3 Nc6 3. Bb5 a6 4. Ba4 Bc5 5. b3 $4 b5 6. Bxb5 axb5 7. O-O Nf6 8.
Nc3 Ng4 9. h3 b4 10. hxg4 bxc3 11. dxc3 d6 12. b4 Bb6 13. b5 Na7 14. c4 Bxg4
15. Bg5 Bxf3 16. Bxd8 Bxd1 17. Raxd1 Rxd8 18. a4 c6 19. bxc6 Nxc6 20. Ra1 h5
21. a5 Nxa5 22. Rab1 Nxc4 23. Rfd1 g5 24. Rb4 Rc8 25. Rxb6 Nxb6 26. Rxd6 Nd7
27. c4 g4 28. c5 Rxc5 29. Rd1 Nf6 30. Re1 h4 31. f3 g3 32. Re2 Rc1+ 33. Re1
Rxe1# 0-1

[Event "Mechanics' Bedjanian TNM; G/2 d/5"]
[Site "San Francisco"]
[Date "2018.11.27"]
[Round "6.41"]
[White "Bryan, Robert R"]
[Black "Harris, Clarence"]
[Result "0-1"]
[WhiteElo "336"]
[BlackElo "1400"]
[PlyCount "68"]
[EventDate "2018.??.??"]
[Source "ChessBase"]
[SourceDate "2007.09.04"]

1. e4 e5 2. Nf3 Nc6 3. Bb5 a6 4. Ba4 Nf6 5. d4 b5 6. Nc3 $4 bxa4 7. Nxa4 Bb4+
8. c3 Be7 9. O-O exd4 10. Re1 dxc3 11. bxc3 d6 12. Rb1 O-O 13. c4 Bg4 14. Re3
Ne5 15. a3 Nxc4 16. Rc3 Ne5 17. h3 Nxf3+ 18. Kf1 Nh2+ 19. Kg1 Bxd1 20. Kxh2
Nxe4 21. Rc4 Nxf2 22. Nc3 Bc2 23. Rb2 Bd3 24. Rd4 Bf6 25. Rc4 Bxc4 26. Rc2 Bxc3
27. Rxc3 d5 28. Be3 Nd1 29. Rc2 Nxe3 30. Rd2 Nf1+ 31. Kg1 Nxd2 32. Kh2 Qd6+ 33.
Kg1 Qxa3 34. Kf2 Rfe8 0-1

[Event "Mechanics' Shipman TNM; G/2 d/5"]
[Site "San Francisco"]
[Date "2018.09.25"]
[Round "8.29"]
[White "Bryan, Robert R"]
[Black "Simpkins, Jerry"]
[Result "0-1"]
[WhiteElo "336"]
[BlackElo "1565"]
[PlyCount "44"]
[EventDate "2018.??.??"]
[Source "ChessBase"]
[SourceDate "2007.09.04"]

1. d4 e5 2. c3 e4 3. Bg5 Qxg5 4. e3 f5 5. Bb5 c6 6. Ba4 d5 7. Ne2 Qxg2 8. Kd2
Qxf2 9. Re1 f4 10. Kc2 f3 11. Kb3 fxe2 12. Qxe2 Qxe2 13. Rxe2 b5 14. Nd2 bxa4+
15. Kxa4 Ba6 16. c4 dxc4 17. b3 c3 18. Ree1 cxd2 19. Red1 Nf6 20. Rxd2 Bb5+ 21.
Ka5 Na6 22. d5 Bb4# 0-1

[Event "Mechanics' Summer TNM; G/2 d/5"]
[Site "San Francisco"]
[Date "2018.07.10"]
[Round "7.8"]
[White "Campers, Willie"]
[Black "Wonsever, James"]
[Result "0-1"]
[WhiteElo "1725"]
[BlackElo "1872"]
[PlyCount "122"]
[EventDate "2018.??.??"]
[Source "ChessBase"]
[SourceDate "2007.09.04"]

1. e4 c5 2. Nf3 e6 3. d4 cxd4 4. Nxd4 Nc6 5. Be3 Nf6 6. f3 d5 7. Nxc6 bxc6 8.
e5 Nd7 9. Qd4 c5 10. Qf4 Qc7 11. Be2 Qxe5 12. Qxe5 Nxe5 13. Na3 a6 14. c3 Bd7
15. O-O Be7 16. Rab1 Nc6 17. Nc2 e5 18. Rfd1 d4 19. cxd4 cxd4 20. Bf2 O-O 21.
Bd3 Rfe8 22. Be4 Rac8 23. Ne1 Bd6 24. Bd5 Be6 25. Bxe6 Rxe6 26. Nd3 Nb4 27.
Nxb4 Bxb4 28. a3 Be7 29. b4 Rc3 30. a4 Rc4 31. b5 axb5 32. axb5 Rb6 33. Re1 Bd6
34. f4 f6 35. fxe5 fxe5 36. Bg3 d3 37. Rbd1 Bc5+ 38. Bf2 Bxf2+ 39. Kxf2 e4 40.
Rb1 Kf7 41. Ke3 Ke6 42. g4 Ke5 43. Rf1 g6 44. Rf2 Rc2 45. Rxc2 dxc2 46. Rc1
Rxb5 47. Rxc2 Rb3+ 48. Ke2 Rh3 49. Kf1 Kf4 50. Kg2 Kxg4 51. Rc4 Re3 52. Rc7
Re2+ 53. Kg1 h5 54. Rc6 g5 55. Rc5 e3 56. Re5 Kf4 57. Re7 h4 58. Rf7+ Kg4 59.
Rf6 Re1+ 60. Rf1 Rxf1+ 61. Kxf1 Kh3 0-1

[Event "Mechanics' Spring TNM; G/2 d5"]
[Site "San Francisco"]
[Date "2018.05.01"]
[Round "7.20"]
[White "Campers Jr, Willie"]
[Black "Admassu, Yonathan"]
[Result "1-0"]
[WhiteElo "1689"]
[BlackElo "1378"]
[Annotator "Winslow,Elliott"]
[PlyCount "77"]
[EventDate "2018.??.??"]
[Source "ChessBase"]
[SourceDate "2007.09.04"]

1. Nf3 Nf6 2. g3 d5 3. d4 Bf5 4. Bg2 e6 5. c3 Nbd7 6. Qb3 Nb6 7. Bf4 Bd6 8.
Bxd6 Qxd6 9. Nbd2 h6 10. O-O O-O 11. a4 Nbd7 12. c4 c5 13. e3 Ne4 14. cxd5 exd5
15. Nxe4 dxe4 16. Nd2 cxd4 17. Nxe4 Bxe4 18. Bxe4 Nc5 19. Qd5 Qxd5 20. Bxd5
Rad8 21. e4 Rfe8 22. f3 a5 23. Rfd1 d3 24. Rd2 Rxd5 $2 25. exd5 Nb3 26. Rad1
Nxd2 27. Rxd2 Kf8 (27... Rd8 28. Rxd3 Kf8 29. Kf2 Rd6 30. Rb3 Rxd5 31. Ke3 Rd7
32. h4) 28. Rxd3 Ke7 $2 29. Re3+ Kd7 30. Rxe8 Kxe8 31. Kf2 Kd7 32. Ke3 Kd6 33.
Kd4 f5 34. f4 b6 35. b3 g6 36. h4 Kd7 37. Ke5 Ke7 38. d6+ Kd7 39. h5 1-0

[Event "Mechanics' Shipman TNM; G/2 d/5"]
[Site "San Francisco"]
[Date "2018.08.07"]
[Round "1.25"]
[White "Campers Jr, Willie"]
[Black "Badgett Jr, James"]
[Result "1-0"]
[WhiteElo "1729"]
[BlackElo "1209"]
[PlyCount "43"]
[EventDate "2018.??.??"]
[Source "ChessBase"]
[SourceDate "2007.09.04"]

1. e4 c5 2. Nf3 d6 3. d4 cxd4 4. Nxd4 Nf6 5. Nc3 e5 6. Nb3 Nc6 7. Be2 Be7 8.
Be3 Be6 9. Nc1 d5 10. exd5 Nxd5 11. Nxd5 Bxd5 12. O-O e4 13. c4 Be6 14. Qc2 f5
15. Rd1 Qc7 16. a3 a5 17. Bf1 O-O 18. Ne2 Rf6 19. Nf4 Rh6 20. g3 Bf7 21. Nd5
Bxd5 22. cxd5 $4 {Black now resigned, thinking he was losing a piece. What did
both players overlook? [#] 22...Nd4! ends the game immediately. Note 22...Ne5
allows 23.Bd3 allowing White to stay in the game.} 1-0

[Event "Mechanics' Spring TNM; G/2 d5"]
[Site "San Francisco"]
[Date "2018.04.17"]
[Round "5.11"]
[White "Campers Jr, Willie"]
[Black "Bannan, Frank"]
[Result "1/2-1/2"]
[WhiteElo "1689"]
[BlackElo "1920"]
[PlyCount "84"]
[EventDate "2018.??.??"]
[Source "ChessBase"]
[SourceDate "2007.09.04"]

1. e4 c5 2. Nf3 Nc6 3. Nc3 d6 4. d4 cxd4 5. Nxd4 Bd7 6. Be3 Nf6 7. Be2 g6 8.
Qd2 Bg7 9. f3 a6 10. Nb3 b5 11. Bh6 O-O 12. Bxg7 Kxg7 13. Qe3 Rc8 14. O-O Kg8
15. a3 Be6 16. Nc1 Na5 17. b3 Qc7 18. Nd5 $2 (18. N1a2 $15) 18... Bxd5 19. exd5
Nxd5 20. Qd2 Nf6 21. Bd3 Qc5+ 22. Kh1 Qc3 23. Qxc3 Rxc3 24. Ne2 Rc7 25. a4 b4
26. Rac1 Ra8 27. Ng3 d5 28. Rfe1 e6 29. h4 h5 30. Re5 Nd7 31. Rg5 Nf6 32. Re1
Re7 33. Nf5 Rd7 34. Nh6+ Kf8 35. Bxg6 fxg6 36. Rxe6 Ng8 37. Nxg8 Kxg8 38.
Rexg6+ Kf7 39. Rg7+ Ke6 40. R7g6+ Ke7 41. Rg7+ Ke6 42. R7g6+ Ke7 1/2-1/2

[Event "Mechanics' Summer TNM; G/2 d5"]
[Site "San Francisco"]
[Date "2018.06.26"]
[Round "5.10"]
[White "Campers Jr, Willie"]
[Black "Boldi, Ethan"]
[Result "0-1"]
[WhiteElo "1725"]
[BlackElo "1973"]
[PlyCount "126"]
[EventDate "2018.??.??"]
[Source "ChessBase"]
[SourceDate "2007.09.04"]

1. e4 e6 2. d4 d5 3. Nc3 Nf6 4. e5 Nfd7 5. Nf3 c5 6. Ne2 Nc6 7. c3 a6 8. a4
cxd4 9. cxd4 Bb4+ 10. Nc3 Qa5 11. Bd2 f6 12. Bd3 fxe5 13. Nxe5 Ncxe5 14. dxe5
Nxe5 15. Qh5+ Nf7 16. Nb1 g6 17. Qe2 Bxd2+ 18. Nxd2 O-O 19. O-O e5 20. Nb3 Qb4
21. Bc2 Be6 22. Ra3 d4 23. Qd2 a5 24. Qxb4 axb4 25. Raa1 Rac8 26. Bd1 Nd6 27.
Nd2 Rfe8 28. b3 Bf5 29. f3 Bd3 30. Re1 Nf5 31. Ne4 Bxe4 32. Rxe4 Ne3 33. Be2
Rc2 34. Kf2 Nd5 35. Ke1 Nc3 36. Bc4+ Kg7 37. Rg4 {[#]} e4 38. fxe4 Nxe4 39. Kd1
Rd2+ 40. Kc1 d3 41. Rxe4 Rc2+ 42. Kd1 Rxe4 43. Bxd3 Rxg2 44. Bxe4 Rg1+ 45. Kd2
Rxa1 46. Bxb7 Kf6 47. Kd3 Ke5 48. Kc4 Kd6 49. Kxb4 Kc7 50. Bd5 Kb6 51. h3 g5
52. Be4 h5 53. Bf3 h4 54. Bg4 Rg1 55. a5+ Ka7 56. Be6 g4 57. hxg4 h3 58. Bd5
Rxg4+ 59. Ka3 h2 60. b4 Rg1 61. b5 h1=Q 62. Bxh1 Rxh1 63. Kb4 Ra1 0-1

[Event "Mechanics' Winter TNM; G/2 d5"]
[Site "San Francisco"]
[Date "2018.02.06"]
[Round "5.33"]
[White "Campers Jr, Willie"]
[Black "Boldt, Tim"]
[Result "1-0"]
[WhiteElo "1651"]
[BlackElo "1329"]
[PlyCount "105"]
[EventDate "2018.??.??"]
[Source "ChessBase"]
[SourceDate "2007.09.04"]

1. e4 d6 2. d4 Nf6 3. Nc3 Nbd7 4. f4 e5 5. Nf3 exd4 6. Nxd4 Nc5 7. Bd3 Qe7 8.
O-O Bg4 9. Nf3 O-O-O 10. Be3 Nfxe4 11. Nxe4 Nxe4 12. Bxa7 b6 13. Re1 f5 14.
Ba6+ Kd7 15. Bb7 Qf6 16. c3 Bxf3 17. Qxf3 Be7 18. a4 d5 19. a5 Bc5+ 20. Re3
Bxe3+ 21. Qxe3 Rhe8 22. Qd3 Ke7 23. axb6 cxb6 24. Bxd5 Ra8 25. Bxa8 Rxa8 26.
Qd5 Qd6 27. Qxf5 Nf6 28. Qe5+ Qxe5 29. fxe5 Nd5 30. c4 Nb4 31. Ra3 Ke6 32. Bxb6
Rxa3 33. bxa3 Nc6 34. a4 Kxe5 35. a5 Nb4 36. Kf2 g6 37. Ke3 Kd6 38. Kd4 Kc6 39.
Ke5 Kd7 40. Kf6 Nd3 41. a6 Kc8 42. a7 Kb7 43. c5 Nb4 44. Kg7 Nc6 45. Kxh7 Ne5
46. h3 Ka8 47. Kh6 Kb7 48. Kg5 Ka8 49. Kf6 Nd3 50. Kxg6 Nf4+ 51. Kg5 Nxg2 52.
h4 Ne3 53. h5 1-0

[Event "Mechanics' Summer TNM; G/2 d/5"]
[Site "San Francisco"]
[Date "2018.06.12"]
[Round "3.26"]
[White "Campers Jr, Willie"]
[Black "Hilliard, Michael"]
[Result "1-0"]
[WhiteElo "1725"]
[BlackElo "1410"]
[PlyCount "60"]
[EventDate "2018.??.??"]
[Source "ChessBase"]
[SourceDate "2007.09.04"]

1. e4 c6 2. d4 d5 3. Nc3 dxe4 4. Nxe4 Nd7 5. Nf3 Ngf6 6. Ng3 e6 7. Bd3 Nb6 8.
O-O Bd6 9. c4 Bc7 10. Bg5 h6 11. Bd2 O-O 12. Qc1 c5 13. Bxh6 cxd4 {Diagram [#]}
14. Bg5 (14. Bxg7 $1 Kxg7 15. Qg5+ Kh8 16. Qh6+ Kg8 17. Nh5 {wins.}) 14... e5
15. Ne4 Nbd7 16. Nh4 Qe7 17. Nf5 Qe6 18. Nfg3 b6 19. b4 Bb7 20. f3 Rac8 21. Qb2
Ba6 22. Rac1 Bd8 23. b5 Bb7 24. Nd2 Rc7 25. Bf5 Qe8 26. Rfe1 Be7 27. Kh1 Qd8
28. h4 g6 29. Bb1 Re8 30. Nde4 Nc5 {
Black is better here but White on to win. Remaining moves unavailable.} 1-0

[Event "Mechanics' Winter TNM; G/2 d5"]
[Site "San Francisco"]
[Date "2018.02.20"]
[Round "7.15"]
[White "Campers Jr, Willie"]
[Black "Krasnov, Steven"]
[Result "0-1"]
[WhiteElo "1651"]
[BlackElo "1908"]
[PlyCount "88"]
[EventDate "2018.??.??"]
[Source "ChessBase"]
[SourceDate "2007.09.04"]

1. e4 c5 2. Nf3 d6 3. d4 cxd4 4. Nxd4 Nf6 5. Nc3 a6 6. a3 Bd7 7. Be2 Nc6 8. Be3
e6 9. O-O Be7 10. f4 O-O 11. f5 b5 12. fxe6 fxe6 13. Bf3 Ne5 14. Be2 Rc8 15.
Qe1 Qe8 16. h3 Bd8 17. Rd1 Ba5 18. b4 Bd8 19. Rf4 Be7 20. a4 Nc4 21. Bc1 e5 22.
Rxf6 Bxf6 23. Nf3 Be7 24. axb5 axb5 25. Nd5 Be6 26. Bxc4 Rxc4 27. Ne3 Rxe4 28.
Qc3 Qg6 29. Ne1 Rc8 30. Qa3 d5 31. Qa6 Rd8 32. c3 d4 33. cxd4 exd4 34. N3c2 Bc4
35. Qa7 Bf6 36. Nd3 Re2 37. Nde1 d3 38. Ne3 d2 39. Bxd2 Rexd2 40. Rxd2 Rxd2 41.
Nf3 Rd8 42. Qc7 Qb1+ 43. Kh2 Qxb4 44. Ng4 Qd6+ 0-1

[Event "Mechanics' Spring TNM; G/2 d5"]
[Site "San Francisco"]
[Date "2018.03.27"]
[Round "2.14"]
[White "Campers Jr, Willie"]
[Black "Melville, Cailen"]
[Result "0-1"]
[WhiteElo "1689"]
[BlackElo "1924"]
[PlyCount "60"]
[EventDate "2018.??.??"]
[Source "ChessBase"]
[SourceDate "2007.09.04"]

1. e4 e6 2. d4 d5 3. Nc3 dxe4 4. Nxe4 Nf6 5. Bg5 Be7 6. Nxf6+ gxf6 7. Bf4 Bd6
8. Bg3 b6 9. Qf3 c6 10. Bxd6 Qxd6 11. O-O-O Nd7 12. Bc4 Bb7 13. Qh5 b5 14. Bb3
a5 15. a3 a4 16. Ba2 f5 17. Nf3 Rg8 18. g3 Nf6 19. Qh4 Qe7 20. Rhe1 Rg4 21. Qh6
O-O-O 22. Ne5 Rgxd4 23. Rxd4 Rxd4 24. Qe3 Re4 25. Qd2 Qc7 26. f4 c5 27. Rd1 Rd4
28. Qe2 Rxd1+ 29. Kxd1 c4 30. c3 Be4 {
Black is clearly better and went on to win. Remaining moves unavailable.} 0-1

[Event "Mechanics' Spring TNM; G/2 d5"]
[Site "San Francisco"]
[Date "2018.05.08"]
[Round "8.15"]
[White "Campers Jr, Willie"]
[Black "Ochoa, Jason"]
[Result "1/2-1/2"]
[WhiteElo "1689"]
[BlackElo "1800"]
[PlyCount "23"]
[EventDate "2018.??.??"]
[Source "ChessBase"]
[SourceDate "2007.09.04"]

1. Nf3 d5 2. d4 Nf6 3. g3 g6 4. Bf4 Bg7 5. Nc3 O-O 6. Qd2 Nc6 7. Bh6 Ne4 8.
Nxe4 dxe4 9. Bxg7 Kxg7 10. Ng1 Qxd4 11. Qxd4+ Nxd4 12. O-O-O 1/2-1/2

[Event "Mechanics' Shipman TNM; G/2 d/5"]
[Site "San Francisco"]
[Date "2018.09.04"]
[Round "5.21"]
[White "Campers Jr, Willie"]
[Black "Pham, Tam Phu"]
[Result "0-1"]
[WhiteElo "1729"]
[BlackElo "1539"]
[PlyCount "102"]
[EventDate "2018.??.??"]
[Source "ChessBase"]
[SourceDate "2007.09.04"]

1. e4 c5 2. d4 cxd4 3. c3 dxc3 4. Nxc3 e6 5. Bf4 Bb4 6. Qd4 Bxc3+ 7. Qxc3 Nf6
8. Bg5 O-O 9. Bd3 Nxe4 10. Bxe4 Qxg5 11. Ne2 Nc6 12. O-O Qe5 13. Qc2 f5 14. Bf3
Nd4 15. Nxd4 Qxd4 16. Rfd1 Qb6 17. Rac1 d5 18. b3 Bd7 19. Qe2 Rac8 20. Ra1 Rc7
21. Qe5 Rfc8 22. h4 Rc2 23. Rf1 Bb5 24. Bd1 Bxf1 25. Bxc2 Rxc2 26. Rxf1 Rxa2
27. Qb8+ Kf7 28. h5 h6 29. Qc8 Qc6 30. Qh8 d4 31. Qh7 Qd7 32. Qg6+ Kg8 33. Qg3
Ra6 34. Rc1 Rc6 35. Rd1 a6 36. Qe5 Rd6 37. Rd3 Rd5 38. Qb8+ Kh7 39. Qf4 e5 40.
Qg3 Qf7 41. Qh3 e4 42. Rd1 d3 43. Rd2 Qc7 44. Qe3 Rb5 45. g4 Qe5 46. g5 hxg5
47. Qxg5 Qf6 48. Qf4 Rxb3 49. f3 exf3 50. Qxf3 Qg5+ 51. Rg2 Rb1+ 0-1

[Event "Mechanics' Winter TNM; G/2 d5"]
[Site "San Francisco"]
[Date "2018.01.16"]
[Round "2.14"]
[White "Campers Jr, Willie"]
[Black "Sarafian, Greg"]
[Result "1-0"]
[WhiteElo "1651"]
[BlackElo "1993"]
[Annotator "Donaldson"]
[PlyCount "67"]
[EventDate "2018.??.??"]
[Source "ChessBase"]
[SourceDate "2007.09.04"]

1. e4 e5 2. Nf3 Nc6 3. Bb5 a6 4. Ba4 d6 5. c3 Bd7 6. d3 Nf6 7. h3 g6 8. Bg5 h6
9. Be3 Bg7 10. Qc1 Qe7 11. Na3 Nh5 12. g3 b5 13. Bd1 Nf6 14. Be2 Nb8 15. Bf1 c5
16. Bg2 Bc6 17. Nd2 d5 18. Nb3 dxe4 19. Bxc5 Qe6 20. Na5 exd3 21. Nxc6 Nxc6 22.
O-O Rd8 23. Qe3 Ne7 24. Rad1 Nf5 25. Qe1 e4 26. b3 Bf8 27. Bxf8 Kxf8 28. c4 Qe7
29. Qa5 b4 30. Nc2 Kg7 31. Nxb4 Rd7 (31... Nd4 $1) 32. Rfe1 Rhd8 $2 33. Nc6 Qe6
$2 (33... Qd6 34. Nxd8 e3 35. Rxe3 Nxe3 36. fxe3 Rxd8 {
is better for White, but offers Black plenty of chances to save himself.}) 34.
Nxd8 1-0

[Event "Mechanics' Winter TNM; G/2 d5"]
[Site "San Francisco"]
[Date "2018.01.23"]
[Round "3.9"]
[White "Campers Jr, Willie"]
[Black "Stearman, Josiah P"]
[Result "0-1"]
[WhiteElo "1651"]
[BlackElo "2362"]
[PlyCount "40"]
[EventDate "2018.??.??"]
[Source "ChessBase"]
[SourceDate "2007.09.04"]

1. e4 c5 2. Nf3 Nc6 3. d4 cxd4 4. Nxd4 Nf6 5. Nc3 e5 6. Ndb5 d6 7. Be2 a6 8.
Na3 b5 9. Nd5 Nxe4 10. Bf3 Nc5 11. Nf6+ gxf6 12. Bxc6+ Bd7 13. Bxa8 Qxa8 14. f3
(14. O-O) 14... Rg8 (14... d5) 15. Qe2 $2 (15. O-O) 15... b4 $1 16. Nb1 Bb5 17.
Qf2 {Diagram [#]} Ne4 $1 18. Qh4 (18. fxe4 Qxe4+ 19. Be3 Rxg2 20. Nd2 Qc6)
18... Rxg2 19. fxe4 (19. Qxe4 d5 20. Qe3 Qc6 21. c3 Bc5 22. Qh6 d4 {and Black's
attack powers through a rook down. White has no pieces in play save his queen.}
) 19... Re2+ 20. Kd1 Rxe4 0-1

[Event "Mechanics' Shipman TNM; G/2 d/5"]
[Site "San Francisco"]
[Date "2018.08.21"]
[Round "3.21"]
[White "Campers Jr, Willie"]
[Black "Tuck, Drew"]
[Result "1-0"]
[WhiteElo "1729"]
[BlackElo "1516"]
[PlyCount "53"]
[EventDate "2018.??.??"]
[Source "ChessBase"]
[SourceDate "2007.09.04"]

1. e4 e5 2. Nf3 Nc6 3. Bc4 Nf6 4. d3 Be7 5. c3 d6 6. Bb3 O-O 7. O-O Be6 8. Bc2
Kh8 9. Ng5 Bg4 10. f3 Bh5 11. Nh3 Qd7 12. Be3 Rad8 13. Nd2 d5 14. Qe1 d4 15.
Bg5 h6 16. Bh4 Bg6 17. f4 exf4 18. Nxf4 Bh7 19. Bg3 Rfe8 20. Qb1 Ne5 21. Nf3
Nxf3+ 22. Rxf3 Bc5 23. Kh1 g5 24. Ne2 dxc3 $4 (24... Nh5 $14) 25. Rxf6 cxb2 26.
Qxb2 Qg4 $2 27. Rf4+ 1-0

[Event "Mechanics' Summer TNM; G/2 d/5"]
[Site "San Francisco"]
[Date "2018.05.29"]
[Round "1.32"]
[White "Capdeville, Barry"]
[Black "Babayan, Gagik"]
[Result "0-1"]
[WhiteElo "1200"]
[BlackElo "1752"]
[PlyCount "74"]
[EventDate "2018.??.??"]
[Source "ChessBase"]
[SourceDate "2007.09.04"]

1. e4 e6 2. d4 d5 3. e5 c5 4. c3 Qb6 5. Nf3 Nc6 6. b4 cxb4 7. Bb2 Bd7 8. c4
dxc4 9. Bxc4 Na5 10. Be2 Ne7 11. Nbd2 Nd5 12. Rc1 Be7 13. O-O O-O 14. Bd3 Bb5
15. Ne1 Bxd3 16. Nxd3 Nc6 17. Nc4 Qd8 18. Nc5 Bxc5 19. dxc5 Qg5 20. Qf3 Qf4 21.
Qe2 Rac8 22. Rcd1 Rfd8 23. Nd6 Rb8 24. Rd3 Rf8 25. Rfd1 Nc3 26. Bxc3 bxc3 27.
a3 Nxe5 28. Rd4 Qf6 29. Qe3 c2 30. Rc1 Nc6 31. Rf4 Qe5 32. Re4 Qd5 33. Qc3 b6
34. Qxc2 bxc5 35. Qxc5 Qxc5 36. Rxc5 Rb1+ 37. Re1 Rxe1# 0-1

[Event "Mechanics' Bedjanian TNM; G/2 d/5"]
[Site "San Francisco"]
[Date "2018.11.20"]
[Round "5.33"]
[White "Capdeville, Barry"]
[Black "Casares Jr, Nick"]
[Result "1/2-1/2"]
[WhiteElo "1218"]
[BlackElo "1600"]
[PlyCount "51"]
[EventDate "2018.??.??"]
[Source "ChessBase"]
[SourceDate "2007.09.04"]

1. e4 e5 2. Nf3 Nc6 3. Bb5 a6 4. Ba4 Nf6 5. d3 b5 6. Bb3 h6 7. c3 Na5 8. Bc2 c5
9. Nxe5 d6 10. Nf3 Bg4 11. Nbd2 Be7 12. Nf1 O-O 13. h3 Bh5 14. Ng3 Bg6 15. Nh4
Bh7 16. Nhf5 Nc6 17. Nxe7+ Qxe7 18. O-O Qd7 19. d4 c4 20. Bf4 Qc7 21. e5 Bxc2
22. Qxc2 dxe5 23. dxe5 Nxe5 24. Kh1 Nd5 25. Bxe5 Qxe5 26. Rfe1 1/2-1/2

[Event "Mechanics' Summer TNM; G/2 d/5"]
[Site "San Francisco"]
[Date "2018.06.26"]
[Round "5.41"]
[White "Capdeville, Barry"]
[Black "Casares Jr, Nick"]
[Result "0-1"]
[WhiteElo "1200"]
[BlackElo "1600"]
[PlyCount "50"]
[EventDate "2018.??.??"]
[Source "ChessBase"]
[SourceDate "2007.09.04"]

1. e4 e5 2. Nf3 Nc6 3. Bb5 a6 4. Ba4 Nf6 5. d3 Be7 6. c3 b5 7. Bb3 d6 8. Nbd2
Na5 9. Bc2 c5 10. Nf1 O-O 11. Ne3 Re8 12. O-O Bf8 13. a3 Bb7 14. b4 Nc6 15. Nd5
Nxd5 16. exd5 Ne7 17. c4 Nf5 18. d4 $2 Nxd4 19. Bxh7+ $2 Kxh7 20. Ng5+ Kg6 $1 (
20... Kg8 $2 21. Qh5) 21. Qg4 f5 22. Ne6+ fxg4 23. Nxd8 Raxd8 24. Bd2 Nb3 25.
Rad1 Nxd2 0-1

[Event "Mechanics' Winter TNM; G/2 d5"]
[Site "San Francisco"]
[Date "2018.02.06"]
[Round "5.46"]
[White "Capdeville, Barry"]
[Black "Casares Jr, Nick"]
[Result "0-1"]
[WhiteElo "1173"]
[BlackElo "1600"]
[PlyCount "68"]
[EventDate "2018.??.??"]
[Source "ChessBase"]
[SourceDate "2007.09.04"]

1. e4 e5 2. Nf3 Nc6 3. Bb5 a6 4. Ba4 Nf6 5. d3 b5 6. Bb3 h6 7. a3 Be7 8. O-O
O-O 9. Nc3 Bb7 10. Be3 Ng4 11. Bd2 Bc5 12. Be1 d6 13. Bd5 Nf6 14. Ba2 Ne7 15.
Bd2 c6 16. Re1 Ng6 17. b4 Ba7 18. Be3 Kh8 19. Bxa7 Rxa7 20. d4 Bc8 21. Qd3 Nf4
22. Qd2 Bg4 23. Nh4 Rd7 24. d5 cxd5 25. exd5 N6xd5 26. Nxd5 Nxd5 27. Bxd5 Qxh4
28. a4 Be6 29. Re4 Qe7 30. Ra3 Bxd5 31. Qxd5 f5 32. Ree3 Qg5 33. Rg3 Qc1+ 34.
Qd1 Qxd1# 0-1

[Event "Mechanics' Spring TNM; G/2 d5"]
[Site "San Francisco"]
[Date "2018.04.03"]
[Round "3.42"]
[White "Capdeville, Barry"]
[Black "Giridharan, Durgashankar"]
[Result "1-0"]
[WhiteElo "1173"]
[BlackElo "1489"]
[Annotator "Donaldson"]
[PlyCount "77"]
[EventDate "2018.??.??"]
[Source "ChessBase"]
[SourceDate "2007.09.04"]

1. e4 c5 2. Nf3 Nc6 3. d4 cxd4 4. Nxd4 Nf6 5. Nxc6 bxc6 6. e5 Qa5+ 7. Nd2 Qxe5+
8. Be2 Ba6 9. c4 d5 10. Qa4 Bb7 11. Nf3 Qc7 12. O-O e6 13. b4 Be7 14. c5 O-O
15. Bb2 a5 16. Be5 Qd8 17. Qb3 Nd7 18. a3 Nxe5 19. Nxe5 Qc7 20. Qe3 Ba6 21.
Bxa6 Rxa6 22. Rae1 Rb8 23. Qf3 Bf8 24. Nd3 Be7 25. Qg4 axb4 26. axb4 Ra3 27.
Re3 Bf6 28. Rb1 Rba8 29. Qd1 e5 30. Ne1 Rxe3 31. fxe3 e4 32. Nc2 Ra2 33. Nd4
Bg5 34. Nf5 g6 35. Qg4 Qd8 36. Nd6 Bxe3+ 37. Kh1 Qf6 $4 ({
Black had several ways to win including} 37... Bd4 {and}) (37... h6) 38. Qc8+
Kg7 39. Ne8+ 1-0

[Event "Mechanics' Winter TNM; G/2 d5"]
[Site "San Francisco"]
[Date "2018.02.20"]
[Round "7.44"]
[White "Capdeville, Barry"]
[Black "Hack, Richard"]
[Result "0-1"]
[WhiteElo "1173"]
[BlackElo "1609"]
[Annotator "Donaldson"]
[PlyCount "109"]
[EventDate "2018.??.??"]
[Source "ChessBase"]
[SourceDate "2007.09.04"]

1. e4 e5 2. Nf3 Nc6 3. Bb5 a6 4. Ba4 Nf6 5. d3 b5 6. Bb3 Be7 7. c3 O-O 8. O-O
d6 9. h3 h6 10. Re1 Bb7 11. Nbd2 Na5 12. Bc2 c5 13. b4 cxb4 14. cxb4 Nc6 15. a3
Rc8 16. Nf1 Qc7 17. Be3 Nd8 18. Bb3 Qd7 19. Ng3 Re8 20. Qd2 Bf8 21. Nf5 Kh7 22.
N3h4 d5 23. exd5 Nxd5 24. Bxd5 Qxd5 25. Rac1 Ne6 26. Rxc8 Rxc8 27. Ng3 Rd8 28.
Rd1 g5 29. Nf3 Nf4 30. Ne4 Bg7 31. Nc5 Bc8 32. Bxf4 gxf4 33. Ne4 Qe6 $4 (33...
Bf5 $15) 34. Nc5 $4 (34. Nfg5+ $18) 34... Qg6 35. Nh4 Qh5 36. Nf3 Rd6 37. Re1
Bxh3 38. Nxe5 Qg5 39. f3 Bf5 (39... Bxe5 40. Rxe5 Qxe5 $19) 40. Nxf7 Bd4+ 41.
Kf1 Qh4 $4 42. Nxd6 Qh1+ 43. Ke2 Qxg2+ 44. Kd1 Qxf3+ 45. Kc2 Be3 46. Qe2 Qd5
47. Nxf5 Qxf5 48. Ne4 Qc8+ 49. Nc3 a5 50. Qh5 axb4 51. Qf7+ Kh8 52. Qf6+ Kh7
53. Qf7+ Kh8 54. Qf6+ Kg8 55. Qg6+ {Black won on time.} 0-1

[Event "Mechanics' Bedjanian TNM; G/2 d/5"]
[Site "San Francisco"]
[Date "2018.10.23"]
[Round "1.28"]
[White "Capdeville, Barry"]
[Black "Harris, John"]
[Result "0-1"]
[WhiteElo "1218"]
[BlackElo "1800"]
[PlyCount "114"]
[EventDate "2018.??.??"]
[Source "ChessBase"]
[SourceDate "2007.09.04"]

1. e4 d5 2. exd5 Qxd5 3. Nc3 Qd8 4. Nf3 Nf6 5. d4 c6 6. Be2 Bf5 7. h3 e6 8. Bf4
Bd6 9. Qd2 Bb4 10. O-O Nbd7 11. Bd3 Bxc3 12. bxc3 Bxd3 13. cxd3 O-O 14. Bd6 Re8
15. Rae1 Nf8 16. Bxf8 Rxf8 17. Ne5 Nd7 18. Nxd7 Qxd7 19. Re3 Rae8 20. Rfe1 f5
21. Re5 Rf6 22. Qf4 Kh8 23. c4 Kg8 24. R5e3 Rd8 25. d5 cxd5 26. Qd4 dxc4 27.
Qxc4 Kf7 28. d4 Qxd4 29. Rc1 Qxc4 30. Rxc4 Rd7 31. Rec3 e5 32. Rc7 Rfd6 33.
R7c5 Rd1+ 34. Kh2 Ke6 35. Kg3 g5 36. Rc7 R1d3+ 37. Rxd3 Rxd3+ 38. Kh2 Rd7 39.
Rc8 b5 40. Rb8 a6 41. Rb6+ Rd6 42. Rb8 Kd5 43. Rc8 b4 44. Kg3 h5 45. f3 f4+ 46.
Kf2 e4 47. Rb8 e3+ 48. Ke2 Kc4 49. Rc8+ Kb5 50. Rc2 Rd2+ 51. Rxd2 exd2 52. Kxd2
Kc4 53. Kc2 a5 54. Kb2 a4 55. a3 b3 56. h4 gxh4 57. Kb1 Kd3 0-1

[Event "Mechanics' Summer TNM; G/2 d/5"]
[Site "San Francisco"]
[Date "2018.07.10"]
[Round "7.33"]
[White "Capdeville, Barry"]
[Black "Newey, Richard Her"]
[Result "0-1"]
[WhiteElo "1200"]
[BlackElo "1683"]
[PlyCount "52"]
[EventDate "2018.??.??"]
[Source "ChessBase"]
[SourceDate "2007.09.04"]

1. e4 c5 2. Nf3 e6 3. d4 cxd4 4. Nxd4 a6 5. Nd2 Qc7 6. N2f3 Bd6 7. Ne2 Nf6 8.
Ng3 Bxg3 9. hxg3 Nxe4 10. Bf4 Qb6 11. Be3 Qxb2 12. Bd4 Qb4+ 13. c3 Qf8 14. Bd3
d5 15. Ne5 Nc6 16. Nxc6 bxc6 17. Be5 f6 18. Bxe4 dxe4 19. Bd6 Qf7 20. Qa4 Bb7
21. Bc5 f5 22. Bd4 Rd8 23. Rb1 O-O 24. Qb4 Rd7 25. Rd1 Rfd8 26. Qb1 c5 0-1